000 00257nam a22001217a 4500
003 SGT
082 _a301.18
_bSHU
100 _aSHUKLA, MADHUKAR
245 _aUNDERSTANDING ORGANISATIONS
260 _aDELHI
_bPHI
_c1999
300 _a264
942 _2ddc
_cBK
999 _c22754
_d22754